[Event "Minsk Spring SDUSHOR Cup"]
[Site "Minsk"]
[Date "2009.05.16"]
[Round "6"]
[White "Tereshko, Aleksey"]
[Black "Medvedev, Oleg"]
[Result "1-0"]
[WhiteElo "1784"]
[BlackElo "1868"]
[PlyCount "67"]
[EventDate "2009.05.11"]
[EventType "tourn"]
[EventRounds "9"]
[EventCountry "BLR"]
[SourceTitle "EXT 2022"]
[Source "ChessBase"]
[SourceDate "2021.10.06"]
[SourceVersion "1"]
[SourceVersionDate "2021.10.06"]
[SourceQuality "1"]

1. d4 d5 2. c4 e6 3. Nc3 Be7 4. Bf4 Nf6 5. e3 c5 6. Nf3 0-0 7. Qb3 Nc6 8. cxd5 Na5 9. Qc2 Nxd5 10. Nxd5 Qxd5 11. e4 Qc6 12. Rc1 cxd4 13. Nxd4 Bb4+ 14. Ke2 Qd7 15. Ke3 Rd8 16. Qd3 b6 17. Be2 Bc5 18. Rhd1 Bb7 19. b4 Ba6 20. Qxa6 Bxd4+ 21. Kf3 Nb7 22. Rc7 Qe8 23. Rxb7 f5 24. Kg3 Qg6+ 25. Kh3 e5 26. Bc1 f4 27. g3 Qxe4 28. Qc4+ Kh8 29. Qf7 Rg8 30. Bd3 Qf3 31. Qf5 e4 32. Bxe4 g6 33. Bxf3 gxf5 34. Rxd4 1-0